00629nam a2200205Ia 4500003000400000008004100004020002300045040000800068100001700076245004000093260002800133300001300161365001100174901002100185902003600206903005800242942001200300952009400312999001700406LDD181029s9999 xx 000 0 und d a8183240771c895.00 cLDD aSharma, Usha 0aFemale labour in IndiacUsha Sharma aNew DelhibMittalc2006 ax, 434p. b895.00 a3782b02-02-2007 a7316b17-02-2007cFdUPPALe311 aDiscount-10bReqst by : Gurupada Saren  2ddccBK 00102ddc4070977947aLDDbLDDl0o331.4830954 F349p061278r2018-11-01w2018-11-01yBK c77948d77948